Attori che hanno ricevuto più candidature agli Oscar - Statistics

Statistiche generali
  • Questo quiz è stato fatto 63 volte
  • Il punteggio medio è 5 su 16
Statistiche sulle risposte
Candidature Edizione prima candidatura Edizione ultima candidatura Attore / Attrice % Corretto
9 1973 2020 Al Pacino
76%
21 1979 2018 Meryl Streep
76%
8 1952 1990 Marlon Brando
59%
12 1970 2003 Jack Nicholson
55%
9 1988 2022 Denzel Washington
38%
12 1934 1982 Katharine Hepburn
34%
9 1959 2003 Paul Newman
24%
8 1956 1983 Jack Lemmon
16%
10 1936 1963 Bette Davis
14%
8 1983 2021 Glenn Close
14%
9 1937 1968 Spencer Tracy
14%
10 1940 1979 Laurence Olivier
12%
8 1963 2007 Peter O'Toole
12%
8 1999 2023 Cate Blanchett
9%
8 1998 2022 Judi Dench
7%
8 1954 1986 Geraldine Page
2%
Nessun quiz corrispondente trovato
Distribuzione punteggi
Percentuale di utenti per punteggio
Percentile per numero di risposta
I tuoi punteggi nel tempo
Non hai fatto questo quiz